000 00315nam a2200133Ia 4500
005 20251222140109.0
008 251222s1900||||xx |||||||||||||| ||spa||
082 _a180/A65G/T.II
100 _aAquino, Santo Tomás de
245 0 _aSuma Contra los Gentiles
250 _a2a.ed.
264 _bCatólica
942 _cLIB
999 _c4224
_d4224